| 000 | 00412nam a2200181Ia 4500 | ||
|---|---|---|---|
| 005 | 20250423101440.0 | ||
| 008 | 250422s9999 xx 000 0 und d | ||
| 020 | _a0671705237 | ||
| 050 | _aG 1046 .G3S4/ | ||
| 100 | _aJoni Seager | ||
| 245 | 4 | _aThe State of the Earth Atlas | |
| 260 | _aNew York | ||
| 260 | _bA Touchstone Book | ||
| 260 | _c1990 | ||
| 300 | _a127 p | ||
| 650 | _aGeology | ||
| 942 | _cBK | ||
| 999 |
_c36331 _d36331 |
||